[Event "Ceske Budejovice op"]
[Site "Ceske Budejovice"]
[Date "1995.??.??"]
[Round "3"]
[White "Groh, Jiri"]
[Black "Jirovsky, Pavel"]
[Result "0-1"]
[WhiteElo "2140"]
[BlackElo "2315"]

1.c4 Nf6 2.Nf3 g6 3.g3 Bg7 4.Bg2 O-O 5.O-O d6 6.Nc3 Nbd7 7.d3 e5 8.Bd2 Nh5
9.Qc1 f5 10.Bh6 f4 11.Bxg7 Kxg7 12.d4 c6 13.Qd2 Qe7 14.dxe5 dxe5 15.Ne4 Nhf6
16.Qd6 Qe8 17.Nfg5 Nxe4 18.Nxe4 Nf6 19.Nc5 Rf7 20.Nd3 fxg3 21.fxg3 Bf5 22.Nxe5 Re7
23.Nf3 Rd8 24.Qc5 b6 25.Qa3 Rdd7 26.Nh4 Rd2 27.Rxf5 Rexe2 28.Rf3 Rxg2+ 29.Kh1 Rxh2+
30.Kg1 Qe2 31.Qc3 Rh1+  0-1

[Event "Copenhagen op17"]
[Site "Copenhagen"]
[Date "1995.??.??"]
[Round "2"]
[White "Brondum, Eric"]
[Black "Sylvan, Jacob"]
[Result "1-0"]
[WhiteElo "2245"]
[BlackElo "2225"]

1.Nf3 g6 2.g3 Bg7 3.Bg2 Nf6 4.c4 O-O 5.O-O d6 6.d4 Nbd7 7.Nc3 c6 8.b3 Qc7
9.e4 e5 10.h3 Re8 11.Re1 exd4 12.Nxd4 Nc5 13.b4 Ne6 14.Nb3 Bd7 15.Bd2 Rad8
16.Rc1 h6 17.a3 Ng5 18.g4 Ne6 19.Nd5 cxd5 20.cxd5 Qb8 21.dxe6 Bxe6 22.Bf4 Bf8
23.Nd4 Nd7 24.Nxe6 Rxe6 25.Qc2 Ne5 26.Red1 g5 27.Bg3 Re7 28.Rd5 Red7 29.Bf1 Bg7
30.Be2 Ng6 31.Rcd1 Nf4 32.Bxf4 gxf4 33.Rf5 Be5 34.Bc4 Re7 35.Qb3 Rf8 36.g5 Qe8
37.Qf3 Kh7 38.Qh5 Bg7 39.Kh1 Rxe4 40.Bd3 Re1+ 41.Kh2 Rxd1 42.Rxf7+ Kh8 43.Qg6  1-0

[Event "Copenhagen op2"]
[Site "Copenhagen"]
[Date "1995.??.??"]
[Round "3"]
[White "Stojanovski, Sandi"]
[Black "Bekker Jensen, David"]
[Result "1-0"]
[WhiteElo "2190"]
[BlackElo "2200"]

1.Nf3 Nf6 2.c4 g6 3.g3 Bg7 4.Bg2 O-O 5.O-O d6 6.d4 c6 7.Nc3 Bf5 8.Ne1 e5
9.d5 a5 10.h3 cxd5 11.cxd5 Na6 12.e4 Bd7 13.Nd3 b5 14.a4 b4 15.Nb1 Qc7 16.b3 Nh5
17.Ra2 f5 18.Rc2 Qb7 19.Nd2 Nf6 20.exf5 gxf5 21.Nc4 Ne4 22.Be3 Nc3 23.Qd2 e4
24.Nf4 Qc7 25.Nb6 Rae8 26.Nxd7 Qxd7 27.Ne6 Rxe6 28.dxe6 Qxe6 29.Rfc1 Rd8
30.Bf1 Nb8 31.Bg5 Bf6 32.Bxf6 Qxf6 33.Rxc3 bxc3 34.Rxc3 d5 35.Rc5 d4 36.Qxa5 Rf8
37.Bc4+ Kh8 38.Qa7 Nc6 39.Qc7 Ne5 40.Rxe5 f4 41.Re7 Qg6 42.Qe5+  1-0

[Event "ESP-chT"]
[Site "Cordoba"]
[Date "1995.??.??"]
[Round "2"]
[White "Hernando, Antonio"]
[Black "Unrath, Heiko"]
[Result "1/2-1/2"]
[WhiteElo "2295"]
[BlackElo "2320"]

1.Nf3 Nf6 2.c4 g6 3.g3 Bg7 4.Bg2 O-O 5.O-O d6 6.Nc3 e5 7.d3 Re8 8.Nd2 c6
9.Rb1 Be6 10.b4 Qd7 11.b5 Bh3 12.bxc6 bxc6 13.Qb3 Bxg2 14.Kxg2 Na6 15.Qb7 Qxb7
16.Rxb7 Reb8 17.Rxb8+ Rxb8 18.Ba3 Bf8 19.Rb1  1/2-1/2

[Event "CZE-chT 9495"]
[Site "?"]
[Date "1995.??.??"]
[Round "6"]
[White "Tatarko, Jan"]
[Black "Voller, Jiri"]
[Result "1-0"]
[WhiteElo "2285"]
[BlackElo "2295"]

1.Nf3 Nf6 2.c4 g6 3.g3 Bg7 4.Bg2 O-O 5.O-O d6 6.d4 Nbd7 7.Nc3 e5 8.e4 exd4
9.Nxd4 Re8 10.h3 Nc5 11.Re1 Bd7 12.b3 Qc8 13.Kh2 Re5 14.g4 Nxg4+ 15.hxg4 Bxg4
16.Nce2 Rh5+ 17.Kg1 Bh3 18.Bf3 Bg4 19.Bxg4 Qxg4+ 20.Ng3 Qxd1 21.Rxd1 Rh4
22.Rb1 Nxe4 23.Nxe4 Rxe4 24.Nb5 Re7 25.Bg5 f6 26.Be3 a6 27.Nc3 Rae8 28.Nd5 Rd7
29.c5 Red8 30.c6 bxc6 31.Nb4 f5 32.Nxc6 Re8 33.Rbc1 d5 34.Nb4 d4 35.Bf4 Re4
36.Bxc7 Bh6 37.Rc4 f4 38.Nd3 f3 39.Bg3 Bg7 40.Nc5  1-0

[Event "CZE-chT 9495"]
[Site "?"]
[Date "1995.??.??"]
[Round "9"]
[White "Konopka, Michal"]
[Black "Stocek, Jiri"]
[Result "1/2-1/2"]
[WhiteElo "2395"]
[BlackElo "2480"]

1.Nf3 Nf6 2.c4 g6 3.g3 Bg7 4.Bg2 O-O 5.d4 c5 6.O-O cxd4 7.Nxd4 Nc6 8.Nc3 Ng4
9.e3 d6 10.b3 Nxd4 11.exd4 Nh6 12.Bb2 Rb8 13.d5 a6 14.a4 b5 15.axb5 axb5
16.cxb5 Bd7 17.Re1 Nf5 18.Bf1 Re8 19.Ra2 Qc7 20.Ne4 Bxb2 21.Rxb2 Qb6 22.Nc3 Qd4
23.Qxd4 Nxd4 24.Re4 Nxb5 25.Bxb5 Bxb5 26.Rb4 Bd3 27.Rd4 Ba6 28.Ra4 Rb6 29.b4 Rc8
30.Ra3 Bc4 31.f4 Rcb8 32.Ra4  1/2-1/2

[Event "CZE-chT 9495"]
[Site "?"]
[Date "1995.??.??"]
[Round "9"]
[White "Pribyl, Josef"]
[Black "Dydyshko, Viacheslav"]
[Result "1/2-1/2"]
[WhiteElo "2390"]
[BlackElo "2495"]

1.c4 g6 2.Nf3 Bg7 3.g3 Nf6 4.Bg2 O-O 5.O-O d6 6.Nc3 e5 7.d3 h6 8.Bd2 Re8
9.Ne1 c6 10.e4 Na6 11.Nc2 Nc5 12.b4 Ne6 13.f4 Nd4 14.h3 Nxc2 15.Qxc2 exf4
16.gxf4 Nh5 17.Rab1 f5 18.b5 Bd7 19.bxc6 bxc6 20.Ne2 Qh4 21.Be1 Qe7 22.Bc3 Rab8  1/2-1/2

[Event "CZE-chT1c 9495"]
[Site "?"]
[Date "1995.??.??"]
[Round "2"]
[White "Jurka, Miroslav"]
[Black "Reznicek, Tomas"]
[Result "1-0"]
[WhiteElo "2335"]
[BlackElo "2265"]

1.Nf3 Nf6 2.c4 g6 3.g3 Bg7 4.Bg2 O-O 5.d4 d6 6.O-O Nbd7 7.Nc3 c6 8.e4 e5
9.h3 Re8 10.b3 a6 11.Be3 b5 12.dxe5 dxe5 13.cxb5 axb5 14.Qc2 Bb7 15.a4 Bf8
16.Nd2 bxa4 17.Nxa4 Bb4 18.Nc4 Qe7 19.Rfd1 Red8 20.Qb2 Ne8 21.h4 f6 22.Rac1 Nc7
23.Rxd7 Rxd7 24.Nab6 Rad8 25.Nxd7 Qxd7 26.Nb6 Qe7 27.Qc2 Nb5 28.Qc4+ Kg7
29.Na4 Nd4 30.Kh2 Qc7  1-0

[Event "CZE-chT1c 9495"]
[Site "?"]
[Date "1995.??.??"]
[Round "5"]
[White "Nedela, Vlastimil"]
[Black "Babula, Milan"]
[Result "1/2-1/2"]
[WhiteElo "2435"]
[BlackElo "2285"]

1.c4 Nf6 2.Nf3 g6 3.g3 Bg7 4.Bg2 O-O 5.O-O c6 6.d4 d5 7.b3 Be6 8.Nbd2 h6
9.Bb2 a5 10.Ne5 a4 11.Nd3 axb3 12.cxd5 Nxd5 13.Nxb3 Na6 14.Nbc5 Nxc5 15.Nxc5 Bc8
16.e4 Nc7 17.Qd2 Na6 18.Nb3 Be6 19.Rfd1 Qb6 20.Bc3 Qa7 21.Rab1 Bxb3 22.Rxb3 Nc7
23.Bf1 e6 24.Bb4 Rfd8 25.Bc5 Qb8 26.Bb6 Rd7 27.Qc2 Ra4 28.Rb2 Qa8 29.Bc4 Ne8
30.Rbb1 Nd6 31.Bb3 Ra6 32.Bc5 Nb5 33.d5 exd5 34.exd5 Nc3 35.dxc6 Rxd1+ 36.Rxd1 Nxd1
37.cxb7 Qxb7 38.Qxd1 Qc7 39.Qd3 Rc6 40.Be3 Rd6 41.Qe4 Qd7 42.Bf4  1/2-1/2

[Event "CZE-chT1c 9495"]
[Site "?"]
[Date "1995.??.??"]
[Round "7"]
[White "Jurasek, Miroslav"]
[Black "Dobes, Ludek"]
[Result "1-0"]
[WhiteElo "2240"]
[BlackElo "2145"]

1.Nf3 Nf6 2.c4 g6 3.g3 Bg7 4.Bg2 O-O 5.O-O d6 6.d4 c5 7.Nc3 Nc6 8.d5 Na5
9.Nd2 a6 10.Qc2 Rb8 11.b3 b5 12.Bb2 Bh6 13.e3 bxc4 14.bxc4 Bf5 15.Nce4 Nxe4
16.Bxe4 Bxe4 17.Nxe4 Nxc4 18.Qxc4 Rxb2 19.Rab1 Qb6 20.Nd2 Bg7 21.Qd3 Rxb1
22.Rxb1 Qa5 23.Qc2 c4 24.Nxc4 Qxd5 25.Nb6 Qa5 26.Nd7 Rd8 27.Nb8 d5 28.Qe2 Rd6
29.Rc1 Bf6 30.Qg4 e6 31.h4 Qb6 32.Rc8+ Rd8 33.Nd7 Qb1+ 34.Kh2 Kg7 35.Rxd8 Bxd8
36.Qd4+ Kg8 37.Qc5 h5 38.Qf8+ Kh7 39.Qxf7+ Kh6 40.Qf8+ Kh7 41.Qxd8  1-0

[Event "CZE-chT2"]
[Site "?"]
[Date "1995.??.??"]
[Round "?"]
[White "Ioseliani, Nana"]
[Black "Pilar, Miloslav"]
[Result "0-1"]
[WhiteElo "2465"]
[BlackElo "2330"]

1.Nf3 Nf6 2.c4 g6 3.g3 Bg7 4.Bg2 O-O 5.O-O d6 6.d4 Nbd7 7.Nc3 e5 8.e4 exd4
9.Nxd4 Re8 10.Re1 Nc5 11.h3 Bd7 12.Rb1 Rb8 13.b4 Ne6 14.Nf3 Ng4 15.hxg4 Bxc3
16.Bd2 Bg7 17.Be3 a6 18.g5 Bc6 19.Qc2 b6 20.Rbd1 Qe7 21.Bc1 a5 22.a3 axb4
23.axb4 Ra8 24.b5 Bb7 25.e5 Rad8 26.exd6 Rxd6 27.Rxd6 Qxd6 28.Bb2 Bxf3 29.Bxf3 Qb4
30.Rb1 Bxb2 31.Rxb2 Qe1+ 32.Kg2 Nxg5 33.Bc6 Re7 34.Bd5 Ne6 35.Ra2 Qe5 36.Qd2 Kg7
37.Ra8 Qd4 38.Qxd4+ Nxd4 39.Ra3 h5 40.Rd3 Nf5 41.Bc6 h4 42.g4 Nd6 43.c5 Nc4
44.cxb6 cxb6 45.Rd4 Ne5 46.g5 Nxc6 47.bxc6 Rc7 48.Rd6 Kf8 49.Kh3 Ke7 50.Rf6 Kd8
51.Kxh4 Re7 52.f4 Kc7 53.f5 gxf5 54.Kh5 b5 55.Kh6 b4 56.Kg7 b3 57.Kf8 Re5
58.Rxf7+ Kxc6 59.Rf6+ Kc5 60.Rf7 Kc6 61.Rf6+ Kc7 62.Rf7+ Kc8 63.g6 b2 64.g7 Rd5
65.Ke7 Rd7+ 66.Ke6 b1=Q 67.g8=Q+ Rd8 68.Qg3 Qb6+ 69.Kxf5 Rd5+ 70.Kf4 Qd6+
71.Kg4 Qe6+  0-1

[Event "CZE-chT1 9596"]
[Site "CZE"]
[Date "1995.??.??"]
[Round "?"]
[White "Mojzis, Jaroslav"]
[Black "Muron, Miroslav"]
[Result "1-0"]
[WhiteElo "2220"]
[BlackElo "2245"]

1.Nf3 Nf6 2.g3 g6 3.Bg2 Bg7 4.c4 O-O 5.O-O c5 6.d4 cxd4 7.Nxd4 Nc6 8.Nc3 Nxd4
9.Qxd4 d6 10.Qd3 Rb8 11.Bd2 Be6 12.b3 a6 13.Rac1 Nd7 14.e3 Bg4 15.f3 Nc5
16.Qe2 Bf5 17.e4 Bd7 18.Rfd1 Re8 19.Be3 b5 20.b4 Bxc3 21.Rxc3 Na4 22.Rc2 bxc4
23.Qxc4 Nb6 24.Qxa6 Ba4 25.Rdc1 Bxc2 26.Rxc2 d5 27.Rd2 Qc8 28.Qxc8 Rexc8
29.Bc5 e6 30.f4 Na4 31.Bd6 Rb6 32.Be7 Rb7 33.Bd6 Rc1+ 34.Kf2 Nc3 35.exd5 Nxd5
36.Bxd5 exd5 37.a4 Rd7 38.Bc5 Rc3 39.a5 Ra3 40.Ke2 f5 41.Kd1 Kf7 42.Kc1 Rc3+
43.Kb2 Rc4 44.Kb3 Ke6 45.a6 Re4 46.a7 Rd8 47.b5  1-0

[Event "Debrecen-ch"]
[Site "Debrecen"]
[Date "1995.??.??"]
[Round "6"]
[White "Felegyhazi, Laszlo"]
[Black "Tengely, Szabolcs"]
[Result "1/2-1/2"]
[WhiteElo "2350"]
[BlackElo "2165"]

1.Nf3 Nf6 2.g3 g6 3.Bg2 Bg7 4.c4 O-O 5.O-O d6 6.Nc3 a6 7.Rb1 e5 8.d3 Nbd7
9.b4 Nh5 10.Qc2 f5 11.Ng5 Ndf6 12.c5 Qe7 13.cxd6 cxd6 14.Nd5 Nxd5 15.Bxd5+ Kh8
16.Bg2 h6 17.Nf3 Be6 18.Be3 Nf6 19.Rfc1 Rfc8 20.Qd2 Kh7 21.a4 Nd5 22.a5 Qd7
23.h4 Qb5 24.h5 gxh5 25.Nh4 Rxc1+ 26.Rxc1 Rc8 27.Rxc8 Bxc8 28.Bh3 Ne7 29.Bb6 Bf6
30.Ng2 Nd5 31.Ne3 Nxe3 32.Bxe3 Qe8 33.Qc1 h4 34.Qc7+ Bg7 35.gxh4 Qd7 36.Bb6 Qxc7
37.Bxc7 Bf8 38.h5 Kg7 39.e4 Kf6 40.Kg2 Be7 41.Bb6 Be6  1/2-1/2

[Event "Decin op"]
[Site "Decin"]
[Date "1995.??.??"]
[Round "2"]
[White "Konopka, Michal"]
[Black "Rieke, Theo"]
[Result "1-0"]
[WhiteElo "2420"]
[BlackElo "2245"]

1.Nf3 Nf6 2.c4 g6 3.g3 Bg7 4.Bg2 O-O 5.O-O d6 6.d4 Nbd7 7.Nc3 e5 8.e4 c6
9.h3 exd4 10.Nxd4 Re8 11.Re1 Nc5 12.Qc2 a5 13.Bf4 Nh5 14.Be3 Qe7 15.Rad1 a4
16.Kh2 Nf6 17.Bf4 Nfd7 18.Nf3 Ne5 19.Nxe5 dxe5 20.Be3 a3 21.b3 h5 22.h4 Be6
23.Rd2 Bf8 24.Red1 Qc7 25.f3 Nd7 26.Na4 Bb4 27.Rd3 c5 28.Nc3 Bxc3 29.Qxc3 Nb8
30.f4 Bg4 31.R1d2 Nc6 32.Bxc5 exf4 33.Bd6 fxg3+ 34.Kxg3 Qc8 35.e5 Qd7 36.Rf2 Bf5
37.Re3 Nd8 38.Bd5 Ne6 39.Ref3 Ra6 40.c5 Qd8 41.Bxb7  1-0

[Event "Dortmund op"]
[Site "Dortmund"]
[Date "1995.??.??"]
[Round "1"]
[White "Hausrath, Heinz"]
[Black "Skripchenko, Almira"]
[Result "1-0"]
[WhiteElo "1880"]
[BlackElo "2400"]

1.Nf3 Nf6 2.c4 g6 3.g3 Bg7 4.Bg2 O-O 5.O-O d6 6.d4 Nbd7 7.Nc3 e5 8.dxe5 dxe5
9.e4 c6 10.b3 Qe7 11.a4 Rd8 12.Ba3 Qe8 13.Qc2 Nf8 14.h3 Ne6 15.Rad1 Nd7 16.Rfe1 Nd4
17.Nxd4 exd4 18.Ne2 Nf8 19.f4 Ne6 20.Nc1 Bf8 21.Bxf8 Qxf8 22.Nd3 Ng7 23.Kh2 f5
24.e5 Be6 25.Qd2 a5 26.Bf3 Qe7 27.Re2 Ra6 28.Qe1 Rb8 29.Qf2 Rd8 30.Red2 Bf7
31.Qg2 Rb6 32.Nc1 Ne6 33.h4 Kh8 34.Qf2 Rb4 35.Rb2 Rb6 36.Nd3 Ra6 37.Rbd2 Raa8
38.Kg2 Rab8 39.Qe1 Nc7 40.Re2 b5 41.e6 Bxe6 42.Ne5 d3 43.Nxd3 bxc4 44.bxc4 Rb3
45.Ne5 Re8 46.Bxc6 Bxc4 47.Nxg6+  1-0

[Event "Dresden (Women)"]
[Site "Dresden"]
[Date "1995.??.??"]
[Round "?"]
[White "Voiska, Margarita"]
[Black "Vidoniak, Natali"]
[Result "1-0"]
[WhiteElo "2370"]
[BlackElo "2250"]

1.Nf3 Nf6 2.g3 g6 3.Bg2 Bg7 4.c4 O-O 5.O-O d5 6.cxd5 Nxd5 7.Nc3 c6 8.Qc2 e5
9.d3 h6 10.Bd2 Be6 11.Rfd1 Nd7 12.Be1 Qe7 13.d4 Nxc3 14.Bxc3 exd4 15.Nxd4 Nf6
16.Nxe6 Qxe6 17.a3 Rfd8 18.Ba5 Re8 19.e3 h5 20.Rd4 Nd5 21.Rd3 b6 22.Be1 h4
23.Rad1 h3 24.Bh1 Rac8 25.Qb1 Qg4 26.f3 Qe6 27.e4 Nf6 28.Bc3 Qe7 29.Qc2 Red8
30.Qd2 Rxd3 31.Qxd3 c5 32.e5 Ne8 33.f4 Nc7 34.Qd7 Qxd7 35.Rxd7 Nb5 36.Bd5 Nxc3
37.Bxf7+ Kh8 38.bxc3 g5 39.c4 gxf4 40.gxf4 Bh6 41.f5 Be3+ 42.Kf1 Bg5 43.e6 b5
44.e7 bxc4 45.Rc7  1-0

[Event "ECC"]
[Site "?"]
[Date "1995.??.??"]
[Round "8"]
[White "Campbell, Eoin"]
[Black "Rix, Steven JL"]
[Result "0-1"]
[WhiteElo "2085"]
[BlackElo "2225"]

1.Nf3 Nf6 2.c4 g6 3.g3 Bg7 4.Bg2 O-O 5.O-O d6 6.d4 Nbd7 7.Nc3 e5 8.e4 exd4
9.Nxd4 Nc5 10.h3 Re8 11.Re1 Bd7 12.Nb3 Nxb3 13.Qxb3 Qc8 14.Kh2 Bc6 15.Bf4 a6
16.g4 h5 17.g5 Nd7 18.Re2 Nc5 19.Qc2 Ne6 20.Bg3 Nd4 21.Qd2 Nxe2 22.Qxe2 Qe6
23.Re1 Be5 24.f4 h4 25.Bxh4 Bxf4+ 26.Kh1 b5 27.cxb5 axb5 28.e5 Bxg2+ 29.Qxg2 Bxe5
30.Nd5 Qc8 31.Bg3 Kg7 32.Bxe5+ Rxe5 33.Rxe5 dxe5 34.Ne7 Qd8 35.Qf3 Ra6  0-1

[Event "Eger Cup"]
[Site "Eger"]
[Date "1995.??.??"]
[Round "?"]
[White "Paal, Attila"]
[Black "Seres, Lajos"]
[Result "0-1"]
[WhiteElo "2190"]
[BlackElo "2430"]

1.Nf3 Nf6 2.c4 g6 3.g3 Bg7 4.Bg2 O-O 5.O-O d6 6.Nc3 e5 7.d3 Nh5 8.e4 Nc6
9.Nd5 h6 10.b4 Be6 11.b5 Nb8 12.Bd2 Nd7 13.Ne1 Nc5 14.Rb1 c6 15.bxc6 bxc6
16.Nb4 Qd7 17.f4 a5 18.Nbc2 exf4 19.gxf4 f5 20.Be3 Na4 21.Qd2 fxe4 22.Bxe4 Nc3
23.Rb6 Nxe4 24.dxe4 Bxc4 25.Nd3 Qg4+ 26.Kh1  0-1

[Event "FIN-chT"]
[Site "FIN"]
[Date "1995.??.??"]
[Round "?"]
[White "Tuomala, Tapio"]
[Black "Norri, Joose"]
[Result "1/2-1/2"]
[WhiteElo "2285"]
[BlackElo "2380"]

1.Nf3 Nf6 2.g3 g6 3.Bg2 Bg7 4.c4 O-O 5.Nc3 d6 6.O-O Nc6 7.Rb1 a5 8.a3 e5
9.b4 axb4 10.axb4 Re8 11.b5 Nd4 12.d3 Bg4 13.Nd2 Qc8 14.Re1 h6 15.Bb2 Nd7
16.Nd5 Rb8 17.Ba3 Kh8 18.b6 c6 19.Ne3 Nxe2+ 20.Rxe2 Bxe2 21.Qxe2 Re6 22.Ne4 Bf8
23.c5 Ra8 24.Qb2 d5 25.Nd6 Bxd6 26.cxd6  1/2-1/2

[Event "Frydek-Mistek op-B"]
[Site "Frydek-Mistek"]
[Date "1995.??.??"]
[Round "?"]
[White "Orzechowski, Jacek"]
[Black "Karlik, Vladimir"]
[Result "0-1"]
[WhiteElo "2220"]
[BlackElo "2240"]

1.c4 g6 2.Nf3 Bg7 3.g3 Nf6 4.Bg2 O-O 5.O-O d6 6.Nc3 e5 7.d3 Nc6 8.Rb1 a5
9.Bg5 h6 10.Bxf6 Bxf6 11.a3 Bg7 12.Nd2 Nd4 13.e3 Ne6 14.Qc2 f5 15.b4 axb4
16.axb4 f4 17.Nce4 g5 18.Bf3 Qe8 19.Qd1 Nd8 20.Bg4 Bxg4 21.Qxg4 Ne6 22.Qh3 Qg6
23.g4 Rad8 24.Rfd1 d5 25.cxd5 Rxd5 26.Nf3 Qf7 27.Ne1 Qd7 28.Qh5 Rb5 29.h4 gxh4
30.Qxh4 Qf7 31.Ng2 Rb6 32.Qh3 Ng5 33.Nxg5 hxg5 34.Qf3 Qd7 35.e4 Ra8 36.Qe2 Ra4
37.f3 Rbxb4 38.Ne1 Bf8 39.Kg2 Bc5 40.Nc2 Rxb1 41.Rxb1 Ra2 42.Ra1 Rxa1 43.Nxa1 Qd4
44.Qf1 Qb2+ 45.Kh3 Bd4  0-1

[Event "NRW-Liga II 9495"]
[Site "Germany"]
[Date "1995.??.??"]
[Round "?"]
[White "Bachmann, Karlheinz"]
[Black "Hogenacker, Jacques"]
[Result "1/2-1/2"]
[WhiteElo "2330"]
[BlackElo "2295"]

1.c4 Nf6 2.g3 g6 3.Bg2 Bg7 4.Nf3 O-O 5.O-O d6 6.Nc3 Nc6 7.d4 a6 8.d5 Na5
9.Nd2 c5 10.Qc2 Rb8 11.b3 b5 12.Bb2 Bh6 13.f4 Qb6 14.Rab1 e5 15.Nd1 Nd7 16.e4 Qc7
17.Ne3 f6 18.Bc3 b4 19.Bb2 Nb7 20.Rf3 Nb6 21.Rbf1 Qe7 22.Qd3 Bd7 23.R1f2 a5
24.Qf1 a4 25.Bh3 axb3 26.axb3 Ra8 27.Bxd7 Qxd7 28.Qb1 Nd8 29.Ndf1 Qe7 30.Ng4 Bg7
31.f5 h5 32.Nge3 g5 33.g4 hxg4 34.Nxg4 Kf7 35.Rh3 Rh8 36.Rxh8 Bxh8 37.Qd1 Bg7
38.Nge3 Kf8 39.Qh5 Qf7 40.Qh7 Qg8 41.Qg6 Qh8 42.Ng3 Nc8 43.Qh5 Qxh5 44.Nxh5 Nb7
45.Nd1 Kf7 46.Kf1 Ra2 47.Rf3 Na5 48.Nxg7 Kxg7 49.Ke1 Ne7  1/2-1/2

[Event "BL2-N9495"]
[Site "Germany"]
[Date "1995.??.??"]
[Round "?"]
[White "Lagunow, Alexander"]
[Black "Thiede, Lars"]
[Result "1-0"]
[WhiteElo "2405"]
[BlackElo "2280"]

1.Nf3 Nf6 2.c4 g6 3.g3 Bg7 4.Bg2 O-O 5.O-O d6 6.d4 Nbd7 7.Nc3 e5 8.e4 exd4
9.Nxd4 Re8 10.h3 a6 11.Re1 Rb8 12.Rb1 Ne5 13.b3 c5 14.Nc2 b5 15.f4 Ned7 16.Qxd6 Qa5
17.Bd2 Nh5 18.Qd3 bxc4 19.bxc4 Rxb1 20.Nxb1 Qxa2 21.g4 Nxf4 22.Bxf4 Ne5 23.Qe2 Nxc4
24.Ne3 Qxe2 25.Rxe2 Bd4 26.Kf1 Nb2 27.Nd5 Bd7 28.Be3 Be5 29.Nbc3 Nd3 30.Ra2 Nb4
31.Rd2 Nxd5 32.Nxd5 Bb5+ 33.Kf2 c4 34.Bd4 Bxd4+ 35.Rxd4 Kg7 36.Bf1 Rc8 37.Nc3 Rc6
38.Ke3 Kf6 39.Rd5 Kg7 40.Nxb5 axb5 41.Rxb5 c3 42.Rb1 Kf6 43.Rc1 Kg5 44.Rc2 Rc7
45.Kd4 Kf4 46.Bc4 Re7 47.Bd5 Rc7 48.Bxf7  1-0

[Event "Oberliga Ost B9495"]
[Site "Germany"]
[Date "1995.??.??"]
[Round "?"]
[White "Liebert, Heinz"]
[Black "Gutman, Lev"]
[Result "0-1"]
[WhiteElo "2370"]
[BlackElo "2470"]

1.c4 Nf6 2.Nf3 g6 3.g3 Bg7 4.Bg2 O-O 5.O-O Nc6 6.Nc3 a6 7.d4 Rb8 8.b3 b5
9.cxb5 axb5 10.Bb2 b4 11.Na4 Na7 12.Ne5 d6 13.Nc6 Nxc6 14.Bxc6 Bh3 15.Re1 e6
16.e4 Qe7 17.Qc2 h5 18.e5 Ng4 19.Rac1 Bh6 20.Rcd1 Rfd8 21.Bg2 Bxg2 22.Kxg2 Bg7
23.h3 Nh6 24.Rc1 Rd7 25.d5 exd5 26.e6 fxe6 27.Qxg6 e5 28.Qxh5 Rf8 29.f4 Rf5
30.Qg6 e4 31.Rc6 Qf7 32.Qxf7+ Rfxf7 33.Kf2 Nf5 34.Bxg7 Kxg7 35.Ra6 Rfe7 36.a3 e3+
37.Kg2 d4 38.Nb2 bxa3 39.Rxa3 c5 40.g4 Nh4+ 41.Kg3 Ng6 42.b4 Rb7 43.bxc5 dxc5
44.Nd3 Rec7 45.f5 c4 46.fxg6 cxd3 47.Rxd3 Rc4 48.Kf3 Re7 49.Kf4 Kxg6 50.h4 Rg7
51.h5+ Kh6 52.Kf5 Rc5+ 53.Kf6 Rxg4 54.Ra3 Rf4+ 55.Ke6 Rg4 56.Ra8 Re4+ 57.Kf6 Rf4+
58.Ke6 Rh4 59.Rg1 Rg5  0-1

[Event "Oberliga Ost C9495"]
[Site "Germany"]
[Date "1995.??.??"]
[Round "?"]
[White "Gerber, Peter"]
[Black "Hoehn, Michael"]
[Result "1-0"]
[WhiteElo "2240"]
[BlackElo "2010"]

1.Nf3 Nf6 2.g3 g6 3.Bg2 Bg7 4.c4 O-O 5.Nc3 d5 6.cxd5 Nxd5 7.Qb3 Nb6 8.O-O e5
9.d3 Nc6 10.Bg5 Qd7 11.Ne4 Qe6 12.Qc2 f6 13.Bd2 Qe7 14.Rfc1 Kh8 15.Nc5 Rf7
16.b4 Nd8 17.a4 c6 18.a5 Nd5 19.e4 Nc7 20.d4 exd4 21.Nxd4 a6 22.Na4 Nde6
23.Nf3 Nb5 24.Nb6 Rb8 25.Qc4 Nd6 26.Qd3 f5 27.exf5 Nxf5 28.Bc3 Qd6 29.Qc4 Bxc3
30.Qxc3+ Nfg7 31.Rd1 Qf8 32.Rd2 c5 33.Ne5 Rf5 34.bxc5 Nxc5 35.Rc1 Nd7 36.Nbxd7 Bxd7
37.Nxd7  1-0

[Event "BL2-S9495"]
[Site "Germany"]
[Date "1995.??.??"]
[Round "?"]
[White "Feustel, Bernd"]
[Black "Carstens, Andreas"]
[Result "1-0"]
[WhiteElo "2300"]
[BlackElo "2325"]

1.Nf3 Nf6 2.c4 g6 3.g3 Bg7 4.Bg2 O-O 5.d4 d6 6.O-O Nc6 7.b3 a6 8.Bb2 Rb8
9.d5 Na5 10.Qe1 c5 11.Bc3 b6 12.e4 Nb7 13.e5 Ng4 14.e6 fxe6 15.dxe6 b5 16.h3 Nf6
17.Ng5 Qe8 18.Bd5 Nd8 19.f4 Nc6 20.Ne4 Nd4 21.Bxd4 cxd4 22.Nxf6+ Bxf6 23.Nd2 bxc4
24.bxc4 Bb7 25.Ne4 Bg7 26.Nxd6 exd6 27.e7+ Rf7 28.Rb1 Bf6 29.Rf3 d3 30.Rxd3 Kg7
31.Bxf7 Kxf7 32.Rdb3 Qc6 33.Rxb7  1-0

[Event "Landesliga S9495 Bayern"]
[Site "Germany"]
[Date "1995.??.??"]
[Round "7"]
[White "Spreng, Simon"]
[Black "Appel, Ewald"]
[Result "1-0"]
[WhiteElo "2195"]
[BlackElo "1985"]

1.c4 Nf6 2.Nf3 g6 3.g3 Bg7 4.Bg2 O-O 5.O-O d5 6.d4 c6 7.cxd5 cxd5 8.Nc3 Ne4
9.e3 Nxc3 10.bxc3 Nc6 11.Nd2 b6 12.c4 e6 13.Ba3 Re8 14.cxd5 exd5 15.Rc1 Bb7
16.Qf3 Na5 17.Bb4 Rc8 18.Bxa5 bxa5 19.Nb3 Ba6 20.Rxc8 Qxc8 21.Rc1 Bc4 22.Nxa5 Qa6
23.Nxc4 dxc4 24.Qc6 Qxc6 25.Bxc6 Rc8 26.Rxc4 Bf8 27.e4 Ba3 28.Kg2 Kf8 29.f4 Bb2
30.Kf3 Bxd4 31.Rxd4 Rxc6 32.Ra4 Rc3+ 33.Kg4 Rc7 34.e5 Kg7 35.Ra6 Rb7 36.Kf3 Kf8
37.Ke4 Ke7 38.Kd5 Rc7 39.a4 Kd7 40.g4 Rb7 41.f5 Kd8 42.e6 fxe6+ 43.fxe6 Ke7
44.g5 Rc7 45.Rc6 Rb7 46.Rc4 h5 47.gxh6 Kf6 48.Rf4+ Kg5 49.Rf7 Rb2 50.e7  1-0

[Event "Giessen op"]
[Site "Giessen"]
[Date "1995.??.??"]
[Round "5"]
[White "Badea, Bela"]
[Black "Bewersdorff, Oliver"]
[Result "1/2-1/2"]
[WhiteElo "2490"]
[BlackElo "2355"]

1.c4 Nf6 2.Nf3 g6 3.g3 Bg7 4.Bg2 O-O 5.O-O d5 6.cxd5 Nxd5 7.Nc3 c6 8.d4 Nxc3
9.bxc3 Qa5 10.Qb3 Nd7 11.Qa3  1/2-1/2

[Event "Glorney Cup U20"]
[Site "?"]
[Date "1995.??.??"]
[Round "?"]
[White "Nikitin, Andrey"]
[Black "Lytchak, Alexander"]
[Result "0-1"]
[WhiteElo "2245"]
[BlackElo "2225"]

1.Nf3 Nf6 2.g3 g6 3.Bg2 Bg7 4.c4 O-O 5.O-O d5 6.d4 dxc4 7.Na3 c3 8.bxc3 c5
9.Rb1 Nc6 10.Ne5 cxd4 11.Nxc6 bxc6 12.cxd4 Be6 13.Bxc6 Rc8 14.Qa4 Bxa2 15.Rb7 Rxc6
16.Qxc6 Bd5 17.Qc7 Bxb7 18.Qxb7 Qxd4 19.Be3 Qg4 20.f3 Qe6 21.Qxa7 Nd5 22.Kf2 Rc8
23.Nb5 h5 24.Bd4 Qh3 25.Kg1 h4 26.Bf2 Be5 27.Qb7 hxg3 28.Bxg3 Bxg3 29.hxg3 Ne3  0-1

[Event "Goetzis"]
[Site "Goetzis"]
[Date "1995.??.??"]
[Round "1"]
[White "Thoma, Robert"]
[Black "Doskocil, Klaus"]
[Result "1-0"]
[WhiteElo "2305"]
[BlackElo "2245"]

1.Nf3 Nf6 2.c4 g6 3.g3 Bg7 4.Bg2 O-O 5.Nc3 d6 6.O-O e5 7.d3 c6 8.Rb1 a5 9.a3 Nh5
10.b4 axb4 11.axb4 f5 12.Qc2 Nd7 13.Nd2 Ndf6 14.b5 d5 15.bxc6 bxc6 16.cxd5 cxd5
17.Qb3 Be6 18.e4 Ra5 19.Nf3 Kh8 20.Nxe5 Nxe4 21.dxe4 d4 22.Nxg6+ hxg6 23.Qxe6 dxc3
24.Qxg6 f4 25.Rb7 Rf6 26.Qg4 Rd6 27.Bxf4 Nxf4 28.Qxg7+  1-0

[Event "Groningen op"]
[Site "Groningen"]
[Date "1995.??.??"]
[Round "?"]
[White "Bosboom, Manuel"]
[Black "Howell, James C"]
[Result "1/2-1/2"]
[WhiteElo "2450"]
[BlackElo "2525"]

1.c4 g6 2.Nf3 Bg7 3.g3 Nf6 4.Bg2 O-O 5.O-O d6 6.Nc3 e5 7.d3 Nc6 8.Rb1 a5
9.a3 h6 10.b4 axb4 11.axb4 Be6 12.b5 Ne7 13.Bb2 Qd7 14.Qb3 Bh3 15.c5 Bxg2
16.Kxg2 b6 17.cxb6 cxb6 18.Ba3 Rfd8 19.Bb4 Qb7 20.e4 h5 21.Rfe1 Bh6 22.Rbd1 Qc7
23.d4 Nd7 24.dxe5 Nxe5 25.Nxe5 dxe5 26.Rxd8+ Rxd8 27.Bxe7 Qxe7 28.Nd5 Qe6
29.Qc4 Bf8 30.Qc7 Rc8 31.Qxb6 Qxb6 32.Nxb6 Rb8 33.Nd7  1/2-1/2

[Event "Groningen op"]
[Site "Groningen"]
[Date "1995.??.??"]
[Round "?"]
[White "Martinovic, Slobodan"]
[Black "Howell, James C"]
[Result "1-0"]
[WhiteElo "2445"]
[BlackElo "2525"]

1.Nf3 Nf6 2.g3 g6 3.Bg2 Bg7 4.c4 O-O 5.O-O d5 6.d4 Nc6 7.Nbd2 dxc4 8.Nxc4 Be6
9.b3 a5 10.Bb2 Bd5 11.Rc1 a4 12.bxa4 Ra6 13.a3 Qa8 14.a5 Rc8 15.Ne3 Rxa5
16.Nxd5 Nxd5 17.e3 e6 18.Nd2 Ra7 19.Qb3 Na5 20.Qc2 Ra6 21.Qd3 c5 22.Rc2 cxd4
23.Rxc8+ Qxc8 24.Bxd5 exd5 25.Bxd4 Bxd4 26.Qxd4 Nc4 27.Qxd5 Nxd2 28.Qxd2 Rxa3
29.Rc1 Qa8 30.Qd4 b5 31.h4 h5 32.Kh2 Qe8 33.Rc7 Ra8 34.Qf4 Rd8 35.Rb7 Kg7
36.Qc7 Rd1 37.Rb8 Rc1 38.Qd6 Qe4 39.Qf8+ Kf6 40.Qd8+ Ke6 41.Rb6+  1-0

[Event "Groningen op"]
[Site "Groningen"]
[Date "1995.??.??"]
[Round "?"]
[White "Bosboom, Manuel"]
[Black "Van der Weide, Karel"]
[Result "1/2-1/2"]
[WhiteElo "2450"]
[BlackElo "2325"]

1.c4 Nf6 2.Nf3 g6 3.g3 Bg7 4.Bg2 O-O 5.O-O d6 6.Nc3 e5 7.d3 c6 8.Rb1 a5 9.a3 Re8
10.b4 axb4 11.axb4 h6 12.b5 d5 13.bxc6 bxc6 14.d4 e4 15.Ne5 Be6 16.f3 exf3
17.Bxf3 Ra6 18.cxd5 cxd5 19.Rb5 Nc6 20.Bb2 Ne7 21.e4 dxe4 22.Nxe4 Nxe4 23.Bxe4 Rb6
24.Qe2 Qb8 25.Rxb6 Qxb6 26.Qf2 f5 27.d5 Qxf2+ 28.Rxf2 Nxd5 29.Bb1 Rb8 30.Nd3 Nc3
31.Bc2 Ne4 32.Bxg7 Nxf2 33.Bxh6 Nxd3 34.Bxd3 Rb2 35.h4 Bd5 36.Bf4 Kf7 37.Kf1 Ke6
38.Ke1 Rh2 39.Ba6 Bb3 40.Bb7 Bc2 41.Bc6 Bb3 42.Be8 Kf6 43.Bg5+ Kg7 44.Bb5 Bf7
45.Be2 Bd5 46.Bf4 Kf6 47.Bc7 Ke7 48.Bf4 Kf8 49.Bd6+ Kg8 50.Be5 Bg2 51.Kf2 Bh3+
52.Ke3 Rh1 53.Bc4+ Kh7 54.Bf4 Bg4 55.Kd4 Re1 56.Bd5 Kg7 57.Bg5 Kf8 58.Bh6+ Ke7
59.Bg5+ Kd7 60.Bf4 Bh5 61.Bb7 Rd1+ 62.Ke5 Rb1 63.Bd5 Rb5 64.Kd4 Ra5 65.Bb7 Bd1
66.Bd5 Bc2 67.Bf7 Ra6 68.Bc4 Rb6 69.Kc5 Rc6+ 70.Kd4 Ba4 71.Bd5 Rb6 72.Kc5 Rb5+
73.Kc4 Rb1 74.Kc3 Rb6 75.Bf7 Ke7 76.Bc4 Be8 77.Kd4 Bf7 78.Bg5+ Ke8 79.Kc5 Rb1
80.Bb5+ Kf8 81.Bh6+ Kg8 82.Bf4 Rd1 83.Be2 Rd5+ 84.Kc6 Rd4 85.Kc5 Rd5+  1/2-1/2